[Event "BCF-chT2 2223 (4NCL)"]
[Site "England"]
[Date "2023.03.18"]
[Round "7.67"]
[White "Jaszkiwskyj, Peter"]
[Black "Milson, Samuel"]
[Result "0-1"]
[WhiteElo "1875"]
[BlackElo "2184"]
[PlyCount "78"]
[EventDate "2022.10.22"]
[EventType "team-tourn"]
[EventRounds "11"]
[EventCountry "ENG"]
[SourceTitle "EXT 2024"]
[Source "ChessBase"]
[SourceDate "2023.10.10"]
[SourceVersion "1"]
[SourceVersionDate "2023.10.10"]
[SourceQuality "1"]
[WhiteTeam "The Rookies"]
[BlackTeam "The Sharks II"]
[WhiteTeamCountry "ENG"]
[BlackTeamCountry "ENG"]

1. d4 d5 2. Nf3 c6 3. e3 Bg4 4. c4 e6 5. Bd3 Nd7 6. 0-0 Ngf6 7. Nbd2 Be7 8. Qc2 Qb8 9. b3 0-0 10. Bb2 Bd6 11. h3 Bh5 12. Ng5 h6 13. Nh7 Nxh7 14. Bxh7+ Kh8 15. g4 f5 16. Bxf5 exf5 17. gxh5 Qe8 18. Qd1 f4 19. Re1 f3 20. Nxf3 Qxh5 21. Ne5 Qf5 22. f4 Bxe5 23. dxe5 Qxh3 24. cxd5 Qg3+ 25. Kh1 Rf5 26. Qe2 cxd5 27. Qg2 Qh4+ 28. Kg1 Nc5 29. Red1 Ne6 30. Qh2 Qg4+ 31. Qg2 Qh5 32. Rxd5 g5 33. Qh2 Qxh2+ 34. Kxh2 gxf4 35. exf4 Rg8 36. Rd3 Rh5+ 37. Rh3 Rxh3+ 38. Kxh3 Nxf4+ 39. Kh4 h5 0-1

[Event "BCF-chT2 2223 (4NCL)"]
[Site "England"]
[Date "2023.02.11"]
[Round "5.45"]
[White "Gordon, Frederick"]
[Black "Milson, Samuel"]
[Result "1-0"]
[WhiteElo "2069"]
[BlackElo "2184"]
[PlyCount "79"]
[EventDate "2022.10.22"]
[EventType "team-tourn"]
[EventRounds "11"]
[EventCountry "ENG"]
[SourceTitle "EXT 2024"]
[Source "ChessBase"]
[SourceDate "2023.10.10"]
[SourceVersion "1"]
[SourceVersionDate "2023.10.10"]
[SourceQuality "1"]
[WhiteTeam "Alba"]
[BlackTeam "The Sharks II"]
[WhiteTeamCountry "ENG"]
[BlackTeamCountry "ENG"]

1. e4 e6 2. Nf3 d5 3. Nc3 Nf6 4. e5 Nfd7 5. d4 c5 6. dxc5 Nc6 7. Bf4 Bxc5 8. Bd3 f6 9. exf6 Nxf6 10. 0-0 0-0 11. Qe2 a6 12. Rad1 Bd6 13. Bxd6 Qxd6 14. Rfe1 Qf4 15. Ne5 Qh4 16. g3 Qh3 17. f3 Nxe5 18. Qxe5 Bd7 19. Ne2 Rae8 20. Nf4 Qh6 21. h4 Bc8 22. Kg2 Kh8 23. Re2 Rg8 24. Qg5 Qxg5 25. hxg5 e5 26. Ng6+ hxg6 27. Rh1+ Nh7 28. Bxg6 Rgf8 29. Bxe8 Rxe8 30. g6 Bf5 31. Rxh7+ Kg8 32. Rh5 Bxg6 33. Rhxe5 Rd8 34. Rd2 d4 35. Rg5 Rd6 36. Rg4 Rb6 37. b3 Rf6 38. Rgxd4 Be8 39. Rf4 Rc6 40. Rd8 1-0

[Event "BCF-chT2b 1920 (4NCL)"]
[Site "Daventry"]
[Date "2020.02.09"]
[Round "6.85"]
[White "Milson, Samuel"]
[Black "Shafi, Declan"]
[Result "0-1"]
[WhiteElo "2115"]
[BlackElo "2151"]
[PlyCount "120"]
[EventDate "2020.01.11"]
[EventType "team-tourn"]
[EventRounds "11"]
[EventCountry "ENG"]
[SourceTitle "CBM 194 Extra"]
[Source "ChessBase"]
[SourceDate "2020.03.31"]
[SourceVersion "1"]
[SourceVersionDate "2020.03.31"]
[SourceQuality "1"]
[WhiteTeam "Grantham Sharks II"]
[BlackTeam "Alba"]
[WhiteTeamCountry "ENG"]
[BlackTeamCountry "ENG"]

1. e4 c5 2. Nc3 Nc6 3. f4 e6 4. Nf3 d5 5. exd5 exd5 6. Bb5 Nge7 7. Qe2 Bg4 8. 0-0 Qd6 9. h3 Bxf3 10. Rxf3 0-0-0 11. Bxc6 Nxc6 12. Rf1 Nd4 13. Qd3 Qa6 14. b3 Qxd3 15. cxd3 g6 16. Bb2 Bg7 17. Rac1 Nc6 18. Ba3 b6 19. b4 cxb4 20. Bxb4 Kb7 21. Ba3 Bf8 22. Bxf8 Rhxf8 23. a3 Rfe8 24. Rfe1 Rxe1+ 25. Rxe1 Rd7 26. Kf2 Nd4 27. a4 Nc2 28. Re5 Kc6 29. Ke2 a6 30. Re8 Nb4 31. g4 Kd6 32. Ke3 Re7+ 33. Rxe7 Kxe7 34. Kd4 Kd6 35. Ne2 Nc2+ 36. Kc3 Ne1 37. d4 Ng2 38. Kb4 h6 39. Kc3 Ke6 40. Kb4 g5 41. f5+ Kd6 42. a5 Nf4 43. Ng1 Kc6 44. Nf3 f6 45. h4 Nd3+ 46. Kb3 bxa5 47. hxg5 hxg5 48. Ka4 Nf2 49. Nh2 Kb6 50. d3 Nxd3 51. Nf1 Nb2+ 52. Kb3 Nc4 53. Ka4 Kc6 54. Nh2 Nd2 55. Ka3 Kb5 56. Kb2 Kc4 57. Kc2 Nb3 58. Nf1 Nxd4+ 59. Kd2 Nf3+ 60. Ke3 Ne5 0-1

[Event "Hull 4NCL op"]
[Site "Hull"]
[Date "2019.11.03"]
[Round "5"]
[White "Milson, Samuel"]
[Black "Wall, Tim"]
[Result "1/2-1/2"]
[WhiteElo "2080"]
[BlackElo "2234"]
[PlyCount "73"]
[EventDate "2019.11.01"]
[EventType "swiss"]
[EventRounds "5"]
[EventCountry "ENG"]
[SourceTitle "CBM 192 Extra"]
[Source "Chessbase"]
[SourceDate "2019.11.06"]
[SourceVersion "1"]
[SourceVersionDate "2019.11.06"]
[SourceQuality "1"]

1. e4 Nf6 2. Nc3 d5 3. e5 Nfd7 4. d4 e6 5. f4 c5 6. Nf3 Nc6 7. Ne2 b6 8. c3 Ba6 9. Be3 Be7 10. g3 h5 11. h4 g6 12. Bh3 Qc7 13. Ng5 Nf8 14. Rc1 Qb7 15. Bg2 Rd8 16. 0-0 Nh7 17. Rf2 Kf8 18. Bh3 Qd7 19. Qc2 Kg7 20. Rcf1 cxd4 21. Bxd4 Nxd4 22. cxd4 Rc8 23. Qb1 Bxe2 24. Rxe2 Nxg5 25. fxg5 Rhf8 26. Ref2 Qa4 27. Qd3 Rc4 28. b3 Rxd4 29. Rxf7+ Rxf7 30. Rxf7+ Kxf7 31. Qf1+ Rf4 32. Qxf4+ Qxf4 33. gxf4 Bc5+ 34. Kg2 Be3 35. Kg3 Bd2 36. Bf1 Be1+ 37. Kh3 1/2-1/2

[Event "Hull 4NCL op"]
[Site "Hull"]
[Date "2019.11.03"]
[Round "4"]
[White "Sowray, Peter John"]
[Black "Milson, Samuel"]
[Result "0-1"]
[WhiteElo "2316"]
[BlackElo "2080"]
[PlyCount "108"]
[EventDate "2019.11.01"]
[EventType "swiss"]
[EventRounds "5"]
[EventCountry "ENG"]
[SourceTitle "CBM 192 Extra"]
[Source "Chessbase"]
[SourceDate "2019.11.06"]
[SourceVersion "1"]
[SourceVersionDate "2019.11.06"]
[SourceQuality "1"]

1. d4 d5 2. c4 c6 3. Nf3 Nf6 4. Nc3 a6 5. c5 g6 6. Bf4 Bg7 7. h3 0-0 8. e3 Nbd7 9. Be2 Ne4 10. Nxe4 dxe4 11. Nd2 e5 12. dxe5 Nxc5 13. 0-0 Qe7 14. Nc4 Rd8 15. Qc2 b5 16. Na5 Bd7 17. Rac1 Bf8 18. Rfd1 Be8 19. Rd6 Qc7 20. Nxc6 Bxd6 21. Nxd8 Bf8 22. b4 Rxd8 23. bxc5 Qc6 24. f3 Rc8 25. fxe4 Qxc5 26. Qxc5 Rxc5 27. Rd1 Be7 28. Bg4 Bc6 29. e6 h5 30. exf7+ Kxf7 31. Bd7 Bxe4 32. Rd2 Rd5 33. Rd4 Rxd4 34. exd4 Bd5 35. Bc7 Bf6 36. Bb6 Bxa2 37. Bc8 a5 38. Ba6 b4 39. Bxa5 Bxd4+ 40. Kf1 Bc5 41. Ke2 Bd5 42. g3 b3 43. h4 b2 44. Bd3 Ba2 45. Kf3 b1Q 46. Bxb1 Bxb1 47. g4 Ke6 48. gxh5 gxh5 49. Kf4 Be7 50. Be1 Bf5 51. Bf2 Bg4 52. Be1 Bd6+ 53. Kg5 Kd5 54. Kf6 Ke4 0-1

[Event "Hull 4NCL op"]
[Site "Hull"]
[Date "2019.11.02"]
[Round "3"]
[White "Milson, Samuel"]
[Black "Han, Yichen"]
[Result "1-0"]
[WhiteElo "2080"]
[BlackElo "2201"]
[PlyCount "61"]
[EventDate "2019.11.01"]
[EventType "swiss"]
[EventRounds "5"]
[EventCountry "ENG"]
[SourceTitle "CBM 192 Extra"]
[Source "Chessbase"]
[SourceDate "2019.11.06"]
[SourceVersion "1"]
[SourceVersionDate "2019.11.06"]
[SourceQuality "1"]

1. e4 e5 2. Nf3 Nc6 3. Bb5 a6 4. Ba4 Nf6 5. 0-0 Be7 6. Re1 b5 7. Bb3 d6 8. c3 0-0 9. h3 Na5 10. Bc2 c5 11. d4 Qc7 12. d5 c4 13. Nbd2 Nd7 14. Nf1 Re8 15. Ng3 Bf8 16. Nf5 Nc5 17. N3h4 Qd8 18. Qg4 g6 19. Qg3 Kh8 20. Bg5 f6 21. Nxg6+ hxg6 22. Qh4+ Kg8 23. Bxf6 Qd7 24. Qh8+ Kf7 25. Nh4 Bh6 26. Qxh6 Kxf6 27. Qxg6+ Ke7 28. Qg5+ Kf7 29. Re3 Rh8 30. Qg6+ Ke7 31. Qg7+ 1-0

[Event "Newcastle Northumbria Masters"]
[Site "Newcastle on Tyne"]
[Date "2019.08.26"]
[Round "6"]
[White "Milson, Samuel"]
[Black "Chipanga, Takaedza"]
[Result "1/2-1/2"]
[WhiteElo "2100"]
[BlackElo "2068"]
[PlyCount "116"]
[EventDate "2019.08.23"]
[EventType "swiss"]
[EventRounds "9"]
[EventCountry "ENG"]
[SourceTitle "EXT 2020"]
[Source "ChessBase"]
[SourceDate "2019.10.17"]
[SourceVersion "1"]
[SourceVersionDate "2019.10.17"]
[SourceQuality "1"]

1. e4 c5 2. Nf3 d6 3. Nc3 Nc6 4. Bb5 Bd7 5. Bxc6 Bxc6 6. d4 cxd4 7. Qxd4 Nf6 8. Bg5 e6 9. 0-0-0 Be7 10. Qd3 0-0 11. h4 Qa5 12. Kb1 Rfc8 13. Nd4 Be8 14. f4 h6 15. g4 Bd8 16. Bxf6 Bxf6 17. g5 Bxd4 18. Qxd4 h5 19. Qxd6 Rc6 20. Qd4 Rac8 21. Rh3 b5 22. a3 Rc4 23. Qe5 Qb6 24. Qd6 R4c6 25. Qd4 Qb7 26. g6 fxg6 27. f5 exf5 28. exf5 gxf5 29. Rg3 Rc4 30. Qd2 Rg4 31. Rxg4 fxg4 32. Qg5 Qc6 33. Qe7 a5 34. Ka1 Qf6 35. Nd5 Qf7 36. Qe2 Rb8 37. Ne7+ Kh8 38. Rf1 Qc4 39. Rf8+ Kh7 40. Qf2 Qe6 41. Qf5+ Qxf5 42. Rxf5 Rb7 43. Re5 Bf7 44. Nc6 Rc7 45. Nd4 Rc4 46. c3 b4 47. Rxa5 bxc3 48. bxc3 Rxc3 49. Ra7 Rc1+ 50. Kb2 Rf1 51. Ra5 Rf4 52. Kc3 g3 53. Rg5 Rxh4 54. Nf5 Rg4 55. Rxg4 hxg4 56. Nxg3 Bd5 57. Kd4 Ba8 58. Ke5 Kg6 1/2-1/2

[Event "Newcastle Northumbria Masters"]
[Site "Newcastle on Tyne"]
[Date "2019.08.26"]
[Round "7"]
[White "Turner, Max N"]
[Black "Milson, Samuel"]
[Result "1-0"]
[WhiteElo "1986"]
[BlackElo "2100"]
[PlyCount "109"]
[EventDate "2019.08.23"]
[EventType "swiss"]
[EventRounds "9"]
[EventCountry "ENG"]
[SourceTitle "EXT 2020"]
[Source "ChessBase"]
[SourceDate "2019.10.17"]
[SourceVersion "1"]
[SourceVersionDate "2019.10.17"]
[SourceQuality "1"]

1. d4 d5 2. c4 c6 3. Nf3 Nf6 4. e3 a6 5. Nbd2 Nbd7 6. Bd3 e6 7. 0-0 Bd6 8. b3 e5 9. cxd5 cxd5 10. dxe5 Nxe5 11. Be2 0-0 12. Bb2 Qe7 13. Nxe5 Bxe5 14. Bxe5 Qxe5 15. Nf3 Qe7 16. Nd4 Bd7 17. Bf3 Rac8 18. Qd2 Ne4 19. Bxe4 dxe4 20. Rac1 Rfd8 21. Rxc8 Rxc8 22. Rc1 Rxc1+ 23. Qxc1 Qd6 24. Qc2 f5 25. h3 b5 26. Qd2 Qc7 27. Ne2 Be6 28. Qd4 Kf7 29. Nf4 Qc1+ 30. Kh2 Qc7 31. g3 Qd7 32. Qc3 Qc8 33. Qe5 Qd7 34. Nh5 Kg6 35. Nf4+ Kf7 36. h4 h6 37. Nh5 Kg6 38. Nxg7 Qxg7 39. Qxe6+ Qf6 40. Qg8+ Qg7 41. Qxg7+ Kxg7 42. Kg2 Kf6 43. f3 Ke5 44. b4 h5 45. fxe4 Kxe4 46. Kf2 Kd5 47. Kf3 Kc4 48. e4 fxe4+ 49. Kxe4 Kxb4 50. g4 Ka3 51. g5 Kxa2 52. g6 b4 53. g7 b3 54. g8Q a5 55. Kd3 1-0

[Event "Newcastle Northumbria Masters"]
[Site "Newcastle on Tyne"]
[Date "2019.08.25"]
[Round "4"]
[White "Milson, Samuel"]
[Black "Kanyamarala, Trisha"]
[Result "1/2-1/2"]
[WhiteElo "2100"]
[BlackElo "2028"]
[PlyCount "97"]
[EventDate "2019.08.23"]
[EventType "swiss"]
[EventRounds "9"]
[EventCountry "ENG"]
[SourceTitle "EXT 2020"]
[Source "ChessBase"]
[SourceDate "2019.10.17"]
[SourceVersion "1"]
[SourceVersionDate "2019.10.17"]
[SourceQuality "1"]

1. e4 c5 2. Nc3 Nc6 3. Bb5 Nd4 4. Nf3 a6 5. Bc4 d6 6. Nxd4 cxd4 7. Ne2 e5 8. c3 dxc3 9. Nxc3 Nf6 10. Qb3 Qe7 11. Nd5 Nxd5 12. Bxd5 Rb8 13. d3 Be6 14. Be3 Bxd5 15. Qxd5 Qe6 16. Rc1 Qxd5 17. exd5 Be7 18. Kd2 Kd7 19. Rc4 Bd8 20. Rhc1 f5 21. f3 h5 22. Ke2 g5 23. Rb4 b5 24. Rc6 a5 25. Rb3 b4 26. a3 Rb5 27. axb4 Rxd5 28. Rcc3 f4 29. Bf2 axb4 30. Rxb4 Ba5 31. Rb7+ Ke6 32. b4 Bd8 33. Rc8 Bf6 34. Rxh8 Bxh8 35. h4 gxh4 36. Bxh4 Bf6 37. Bxf6 Kxf6 38. Rb8 Kg5 39. Kd2 Kh4 40. Rg8 Rb5 41. Kc3 d5 42. Kb3 e4 43. fxe4 dxe4 44. dxe4 Re5 45. b5 Rxb5+ 46. Kc4 Rg5 47. Rxg5 Kxg5 48. Kd3 Kf6 49. Ke2 1/2-1/2

[Event "BCF-chT2b 1819 (4NCL)"]
[Site "England"]
[Date "2019.03.16"]
[Round "7.87"]
[White "Milson, Samuel"]
[Black "Willson, Ollie"]
[Result "1/2-1/2"]
[WhiteElo "2096"]
[BlackElo "2155"]
[PlyCount "123"]
[EventDate "2018.11.10"]
[EventType "team-tourn"]
[EventRounds "11"]
[EventCountry "ENG"]
[SourceTitle "EXT 2021"]
[Source "ChessBase"]
[SourceDate "2020.10.23"]
[SourceVersion "1"]
[SourceVersionDate "2020.10.23"]
[SourceQuality "1"]
[WhiteTeam "Grantham Sharks II"]
[BlackTeam "Sussex Martlets"]
[WhiteTeamCountry "ENG"]
[BlackTeamCountry "ENG"]

1. e4 c5 2. Nf3 e6 3. d4 cxd4 4. Nxd4 Nc6 5. Nc3 Qc7 6. a3 a6 7. Be3 Nf6 8. Be2 Be7 9. 0-0 0-0 10. Kh1 d6 11. f4 Bd7 12. Qe1 Nxd4 13. Bxd4 e5 14. Be3 Bc6 15. Bf3 Rfe8 16. f5 b5 17. g4 Qb7 18. Bg5 h6 19. Bxf6 Bxf6 20. h4 Qe7 21. g5 hxg5 22. h5 Rac8 23. Rd1 Bb7 24. Rf2 g4 25. Bxg4 Bh4 26. f6 Bxf2 27. Qxf2 Qxf6 28. Qxf6 gxf6 29. Bxc8 Rxc8 30. Kg1 Rd8 31. Kf2 Kg7 32. Ke3 f5 33. exf5 d5 34. Ne2 d4+ 35. Kf2 Kf6 36. Ng3 Rc8 37. Rd2 Rc4 38. Re2 Kg5 39. Ke1 Kf4 40. Nf1 Kxf5 41. Rf2+ Ke6 42. Ng3 Rc8 43. Kd2 Rg8 44. Ne2 f5 45. Rh2 f4 46. h6 Kf6 47. h7 Rh8 48. Rh6+ Kg5 49. Re6 f3 50. Re7 f2 51. Ng3 Bf3 52. c3 Kh4 53. Nf1 Kh3 54. Rg7 Bg4 55. cxd4 exd4 56. Kd3 Bf5+ 57. Kxd4 Rxh7 58. Rg3+ Kh4 59. Rg2 Rd7+ 60. Ke3 Re7+ 61. Kxf2 Bh3 62. Rg1 1/2-1/2

[Event "BCF-chT2b 1819 (4NCL)"]
[Site "England"]
[Date "2018.11.11"]
[Round "2.65"]
[White "Milson, Samuel"]
[Black "Davies, Matthew"]
[Result "1-0"]
[WhiteElo "2103"]
[BlackElo "1944"]
[PlyCount "43"]
[EventDate "2018.11.10"]
[EventType "team-tourn"]
[EventRounds "11"]
[EventCountry "ENG"]
[SourceTitle "EXT 2021"]
[Source "ChessBase"]
[SourceDate "2020.10.23"]
[SourceVersion "1"]
[SourceVersionDate "2020.10.23"]
[SourceQuality "1"]
[WhiteTeam "Grantham Sharks II"]
[BlackTeam "West is Best II"]
[WhiteTeamCountry "ENG"]
[BlackTeamCountry "ENG"]

1. e4 e6 2. d4 d5 3. e5 c5 4. c3 Nc6 5. Nf3 Qb6 6. a3 c4 7. Nbd2 Bd7 8. g3 Na5 9. Bg2 Ne7 10. 0-0 Nb3 11. Nxb3 Ba4 12. Ng5 Bxb3 13. Qf3 Nf5 14. Nxf7 Kxf7 15. g4 Bc2 16. gxf5 Bxf5 17. Bh3 Rd8 18. Bxf5 exf5 19. Qxf5+ Ke8 20. e6 Rd6 21. Qf7+ Kd8 22. Bg5+ 1-0

[Event "BCF-chT2 1718 (4NCL) Promotion pool"]
[Site "England"]
[Date "2018.05.06"]
[Round "10.45"]
[White "Milson, Samuel"]
[Black "Chavannes, Ivar"]
[Result "1/2-1/2"]
[WhiteElo "2105"]
[BlackElo "2122"]
[PlyCount "100"]
[EventDate "2017.11.11"]
[EventType "team-tourn"]
[EventRounds "11"]
[EventCountry "ENG"]
[SourceTitle "EXT 2020"]
[Source "ChessBase"]
[SourceDate "2019.10.17"]
[SourceVersion "1"]
[SourceVersionDate "2019.10.17"]
[SourceQuality "1"]
[WhiteTeam "Grantham Sharks II"]
[BlackTeam "Guildford III"]
[WhiteTeamCountry "ENG"]
[BlackTeamCountry "ENG"]

1. e4 c5 2. Nf3 d6 3. d4 cxd4 4. Nxd4 Nf6 5. Nc3 a6 6. Be2 e5 7. Nb3 Be6 8. Be3 Nbd7 9. a4 Qc7 10. a5 Rc8 11. 0-0 Be7 12. f3 0-0 13. Qd2 Bc4 14. Rfd1 Rfd8 15. Qe1 Bxe2 16. Qxe2 Qc4 17. Qf2 Nc5 18. Nxc5 dxc5 19. g4 h6 20. h4 Rxd1+ 21. Rxd1 Rd8 22. Qe1 Qb4 23. g5 hxg5 24. hxg5 Nh7 25. Nd5 Qxe1+ 26. Rxe1 Bxg5 27. Bxc5 g6 28. b4 Kg7 29. c4 Bh4 30. Re3 Rc8 31. Rd3 Ng5 32. Nb6 Re8 33. Kg2 Ne6 34. Be3 Be1 35. Nd5 Rc8 36. Rd1 Bh4 37. Nb6 Rd8 38. Rxd8 Nxd8 39. Bd2 Nc6 40. Nd7 Bd8 41. Nc5 Be7 42. Nd3 f6 43. Bc3 Kf7 44. Kf2 g5 45. Ke3 Ke6 46. c5 Kd7 47. Nf2 Nd8 48. Kd3 Kc6 49. Kc4 Ne6 50. Nd3 Nf4 1/2-1/2

[Event "Doncaster 4NCL op-A 18th"]
[Site "Doncaster"]
[Date "2018.04.15"]
[Round "5"]
[White "Starley, Robert"]
[Black "Milson, Samuel"]
[Result "1/2-1/2"]
[WhiteElo "2087"]
[BlackElo "2105"]
[PlyCount "74"]
[EventDate "2018.04.13"]
[EventType "swiss"]
[EventRounds "5"]
[EventCountry "ENG"]
[SourceTitle "CBM 184 Extra"]
[Source "ChessBase"]
[SourceDate "2018.06.28"]
[SourceVersion "1"]
[SourceVersionDate "2018.06.28"]
[SourceQuality "1"]

1. e4 e6 2. d4 d5 3. e5 c5 4. c3 Qb6 5. Nf3 Bd7 6. a3 Bb5 7. Qb3 Bxf1 8. Qxb6 axb6 9. Rxf1 Ne7 10. Ke2 Nec6 11. Be3 Nd7 12. Nbd2 f6 13. exf6 gxf6 14. Rfe1 Kf7 15. Kf1 Bd6 16. Rad1 Rhg8 17. h3 Ne7 18. Nh4 e5 19. dxe5 fxe5 20. Ne4 Bb8 21. Bh6 Nf6 22. Ng5+ Ke8 23. c4 Ra4 24. f4 Rxc4 25. fxe5 Nd7 26. Ngf3 Nxe5 27. b3 Re4 28. Rxe4 dxe4 29. Nxe5 Bxe5 30. Re1 Kd7 31. Rxe4 Bd6 32. a4 Rg3 33. Nf3 Nc6 34. Kf2 Rg6 35. Bf4 Rf6 36. Bxd6 Kxd6 37. Ke3 Kd5 1/2-1/2

[Event "Blackpool op 42nd"]
[Site "Blackpool"]
[Date "2018.03.11"]
[Round "5"]
[White "Lund, D Brett"]
[Black "Milson, Samuel"]
[Result "1/2-1/2"]
[WhiteElo "2243"]
[BlackElo "2101"]
[PlyCount "128"]
[EventDate "2018.03.09"]
[EventType "swiss"]
[EventRounds "5"]
[EventCountry "ENG"]
[SourceTitle "CBM 183 Extra"]
[Source "ChessBase"]
[SourceDate "2018.04.19"]
[SourceVersion "1"]
[SourceVersionDate "2018.04.19"]
[SourceQuality "1"]

1. c4 e5 2. g3 Nf6 3. Bg2 h6 4. Nc3 Bb4 5. e4 Bxc3 6. bxc3 d6 7. d3 Nbd7 8. h3 0-0 9. Ne2 a6 10. 0-0 b5 11. cxb5 axb5 12. Be3 Bb7 13. Qb3 Ra5 14. f4 c5 15. Qc2 Qa8 16. fxe5 dxe5 17. g4 c4 18. Ng3 cxd3 19. Qxd3 Rxa2 20. Rxa2 Qxa2 21. Qxb5 Ba6 22. Qb1 Qxb1 23. Rxb1 Rc8 24. Bd2 Bd3 25. Rb4 Nc5 26. Bf3 Ne6 27. h4 Rd8 28. Be3 Rc8 29. g5 hxg5 30. hxg5 Nh7 31. g6 fxg6 32. Bg4 Nhf8 33. Rb6 Kf7 34. Bd2 Rd8 35. Be3 Rc8 36. Bd2 Rd8 37. Rb7+ Kf6 38. Be3 Nf4 39. Rb6+ Kg5 40. Bf3 Ra8 41. Rb2 N8e6 42. Rd2 Kh4 43. Nh1 Ng5 44. Bd1 Ra1 45. Bf2+ Kh3 46. Be1 Be2 47. Nf2+ Kg3 48. Nd3+ Kf3 49. Nxf4 Bxd1 50. Ng2 Kxe4 51. Kf2 Bf3 52. Nh4 Kf4 53. Nxg6+ Kf5 54. Ne7+ Ke6 55. Nc8 Bd5 56. Re2 Ra6 57. Rb2 Ne4+ 58. Ke3 Nxc3 59. Bxc3 Rc6 60. Rb6 Rxb6 61. Nxb6 g5 62. Na4 g4 63. Be1 Kf5 64. Bg3 Bf3 1/2-1/2

[Event "BCF-chT2a 1718 (4NCL)"]
[Site "England"]
[Date "2018.02.10"]
[Round "5.24"]
[White "Gilfillan, Andrew"]
[Black "Milson, Samuel"]
[Result "0-1"]
[WhiteElo "1973"]
[BlackElo "2105"]
[PlyCount "106"]
[EventDate "2017.11.11"]
[EventType "team-tourn"]
[EventRounds "7"]
[EventCountry "ENG"]
[SourceTitle "EXT 2020"]
[Source "ChessBase"]
[SourceDate "2019.10.17"]
[SourceVersion "1"]
[SourceVersionDate "2019.10.17"]
[SourceQuality "1"]
[WhiteTeam "Kings Head"]
[BlackTeam "Grantham Sharks II"]
[WhiteTeamCountry "ENG"]
[BlackTeamCountry "ENG"]

1. e4 e6 2. d3 d5 3. Nd2 Nf6 4. Ngf3 b6 5. g3 Bb7 6. e5 Nfd7 7. Bg2 c5 8. 0-0 Nc6 9. Re1 g5 10. c4 Nb4 11. Nf1 g4 12. Nh4 Qc7 13. a3 Nc6 14. cxd5 Ncxe5 15. Bf4 Bd6 16. d4 cxd4 17. Rc1 Qb8 18. dxe6 fxe6 19. Qxd4 Bxg2 20. Kxg2 0-0 21. Nd2 Qb7+ 22. Ne4 Bc5 23. Qd1 Rad8 24. b4 Nf6 25. Qe2 Bd4 26. Kg1 Nxe4 27. Qxe4 Qxe4 28. Rxe4 Nd3 29. Rc2 Nxf4 30. gxf4 b5 31. Rc7 Bb6 32. Re7 Rd2 33. Ng2 Rxf2 34. Ne3 R2xf4 35. R7xe6 Rxe4 36. Rxe4 Rf3 37. Rxg4+ Kf7 38. Kg2 Rxe3 39. Rh4 Kg6 40. Rg4+ Kf6 41. Rh4 Rxa3 42. Rxh7 Ra4 43. Rh4 Bc7 44. Kf3 Bd6 45. Rh6+ Ke7 46. Rh7+ Ke6 47. Rh6+ Kd7 48. h4 Rxb4 49. Rh7+ Be7 50. h5 Rh4 51. Kg3 b4 52. Rxe7+ Kxe7 53. Kxh4 Kf6 0-1

[Event "BCF-chT2a 1718 (4NCL)"]
[Site "England"]
[Date "2018.01.13"]
[Round "3.15"]
[White "Milson, Samuel"]
[Black "Cioara, Andrei Nestor"]
[Result "0-1"]
[WhiteElo "2096"]
[BlackElo "2447"]
[PlyCount "108"]
[EventDate "2017.11.11"]
[EventType "team-tourn"]
[EventRounds "7"]
[EventCountry "ENG"]
[SourceTitle "EXT 2020"]
[Source "ChessBase"]
[SourceDate "2019.10.17"]
[SourceVersion "1"]
[SourceVersionDate "2019.10.17"]
[SourceQuality "1"]
[WhiteTeam "Grantham Sharks II"]
[BlackTeam "Manx Liberty"]
[WhiteTeamCountry "ENG"]
[BlackTeamCountry "ENG"]

1. e4 c6 2. d4 d5 3. Nd2 dxe4 4. Nxe4 Bf5 5. Ng3 Bg6 6. h4 h6 7. Nf3 Nd7 8. h5 Bh7 9. Bd3 Bxd3 10. Qxd3 e6 11. Bd2 Ngf6 12. 0-0-0 Bd6 13. Ne4 Nxe4 14. Qxe4 Nf6 15. Qh4 Qc7 16. Rhe1 0-0-0 17. Kb1 c5 18. dxc5 Bxc5 19. Bc3 Rxd1+ 20. Rxd1 Rd8 21. Rxd8+ Qxd8 22. b4 Bb6 23. Kb2 Ne8 24. Qg4 Qe7 25. a3 f6 26. Qc4+ Nc7 27. Bd4 Bxd4+ 28. Nxd4 Qd6 29. g3 Kd7 30. Nb3 Qe5+ 31. Ka2 b6 32. Nd4 Qxh5 33. Qc6+ Kc8 34. c4 Qh2 35. Qf3 Qg1 36. Nc6 a6 37. Qe3 Qd1 38. Kb2 b5 39. cxb5 axb5 40. Qc5 Qd2+ 41. Kb1 Qd7 42. Qf8+ Ne8 43. Qc5 Nd6 44. a4 bxa4 45. b5 Nb7 46. Na7+ Kd8 47. Qb6+ Ke8 48. Kc2 Nd6 49. Nc6 Nc4 50. Qd4 Na3+ 51. Kc1 Nxb5 52. Qc5 Nd6 53. f3 Qc7 54. Qc2 Kd7 0-1